| 000 | 01945nam a2200457Ii 4500 | ||
|---|---|---|---|
| 001 | DIGUEXTER0510 | ||
| 003 | NyNyDIG | ||
| 006 | m o d | ||
| 007 | cr ||||||||||| | ||
| 008 | 220408s2019 ck a ob 000 0 spa d | ||
| 035 | _a(OCoLC)1319852058 | ||
| 040 |
_aDGITA _beng _erda _epn _cDGITA |
||
| 020 | _z9789587901139 | ||
| 043 | _as-ck--- | ||
| 050 | 1 | 4 | _aKHH3034 ebook |
| 100 | 1 |
_aFernández Parra, Sergio Alejandro, _eauthor. |
|
| 245 | 1 | 0 |
_aLaicidad y libertad de conciencia en Colombia / _cSergio Alejandro Fernández Parra. |
| 250 | _aPrimera edición. | ||
| 264 | 1 |
_aBogotá : _bUniversidad Externado de Colombia, Instituto de Estudios Constitucionales Carlos Restrepo Piedrahita, _c[2019] |
|
| 300 |
_a1 online resource : _billustrations. |
||
| 336 |
_atext _btxt _2rdacontent |
||
| 337 |
_acomputer _bc _2rdamedia |
||
| 338 |
_aonline resource _bcr _2rdacarrier |
||
| 347 |
_atext file _2rdaft |
||
| 347 | _bPDF | ||
| 490 | 1 |
_aTemas de derecho público ; _vno. 104 |
|
| 504 | _aIncludes bibliographical references. | ||
| 588 | 0 | _aOnline resource; title from PDF title page (Digitalia, viewed April 8, 2022) | |
| 650 | 0 |
_aChurch and state _zColombia. |
|
| 650 | 0 |
_aLiberty of conscience _zColombia. |
|
| 650 | 0 |
_aReligious law and legislation _zColombia. |
|
| 650 | 0 |
_aLaicism _zColombia. |
|
| 655 | 0 | _aElectronic books. | |
| 791 | 2 |
_aDigitalia (Firm), _edistributor. |
|
| 793 | 0 |
_gDigitalia eBook Collection: _aUniversidad Externado de Colombia |
|
| 776 | 0 | 8 |
_iPrint version: _aFernández Parra, Sergio Alejandro. _tLaicidad y libertad de conciencia en Colombia. _bPrimera edición. _dBogotá : Universidad Externado de Colombia, Instituto de Estudios Constitucionales Carlos Restrepo Piedrahita, [2019] _z9789587901139 |
| 830 | 0 |
_aTemas de derecho público ; _v104. |
|
| 856 | 4 | 0 |
_3Digitalia Hispánica _uhttps://www.digitaliapublishing.com/a/82848/ |
| 910 | _aPremium collection: 2022 | ||
| 942 | _cRAA | ||
| 999 |
_c265634 _d265634 |
||